| 000 | 00426nam a2200169 a 4500 | ||
|---|---|---|---|
| 005 | 20140310183321.0 | ||
| 008 | 060306s19uu xx 00 eng d | ||
| 020 | _a0380703890 | ||
| 050 |
_aPR 6070 _b.T454 1987 |
||
| 100 | _aThomas, Craig | ||
| 245 |
_aWinter hawk / _cCraig Thomas. |
||
| 260 |
_aNew York : _bAvon Books, _c1987. |
||
| 300 |
_a521 p. : _c18 cm. |
||
| 650 | _aFiction | ||
| 942 |
_cBK _2lcc |
||
| 999 |
_c21396 _d21396 |
||